Масс-спектрометрия химического взаимодействия порошкообразного алюминия с остаточной атмосферой в вакууме 0,1-1 Па; Материалы научно-практической конференции "Методы исследования в химии и химической технологии" (Томск, 20-22 мая 1986 г.)

Dades bibliogràfiques
Parent link:Материалы научно-практической конференции "Методы исследования в химии и химической технологии" (Томск, 20-22 мая 1986 г.).— 1986.— С. 45-48
Altres autors: Иванов Г. Ф. Геннадий Филиппович, Савельев Г. Г. Геннадий Гаврилович, Ильин А. П., Аульбекова А. В.
Sumari:Деп. в ОНИИТЭХим г. Черкассы 01.10.86, № 1163-ХП-86.
Idioma:rus
Publicat: 1986
Matèries:
Format: MixedMaterials Capítol de llibre
KOHA link:https://koha.lib.tpu.ru/cgi-bin/koha/opac-detail.pl?biblionumber=594307

MARC

LEADER 00000naa0a2200000 4500
001 594307
005 20250205162841.0
029 0 0 |a SU  |b 1163-ХП-86  |f ОНИИТЭХим 
035 |a (RuTPU)RU\TPU\tpu\8735 
035 |a RU\TPU\tpu\8734 
090 |a 594307 
100 |a 20020531d1986 k y0rusy50 ca 
101 0 |a rus 
102 |a RU 
200 1 |a Масс-спектрометрия химического взаимодействия порошкообразного алюминия с остаточной атмосферой в вакууме 0,1-1 Па  |f Г. Ф. Иванов [и др.] 
300 |a Деп. в ОНИИТЭХим г. Черкассы 01.10.86, № 1163-ХП-86. 
463 |t Материалы научно-практической конференции "Методы исследования в химии и химической технологии" (Томск, 20-22 мая 1986 г.)  |o секция "Физика-химия высокодисперсных материалов"  |v С. 45-48  |d 1986 
610 1 |a труды учёных ТПУ 
701 1 |a Иванов  |b Г. Ф.  |c кандидат химических наук  |f 1940-  |g Геннадий Филиппович  |3 (RuTPU)RU\TPU\pers\3819 
701 1 |a Савельев  |b Г. Г.  |c доктор химических наук  |f 1938-  |g Геннадий Гаврилович  |3 (RuTPU)RU\TPU\pers\3555 
701 1 |a Ильин  |b А. П.  |3 (RuTPU)RU\TPU\pers\4006 
701 1 |a Аульбекова  |b А. В.  |f 1965-  |3 (RuTPU)RU\TPU\pers\4008 
801 2 |a RU  |b 63413507  |c 20100202  |g PSBO 
942 |c BK